Carros (Registo nº 2009)
[ vista simples ]
| 000 -Etiqueta do registo | |
|---|---|
| Cabeçalho | 00624nam a2200241 4500 |
| 005 - Identificador da versão | |
| Campo de controlo | 20240827111949.0 |
| 010 ## - Número internacional normalizado dos livros (ISBN) | |
| Número (ISBN) | 9895001649 |
| 021 ## - Número do Depósito Legal | |
| Código do país | PT |
| Número | 242307/06 |
| 100 ## - Dados gerais de processamento | |
| Dados gerais de processamento | 20070620d2006 bc y0pory5003 ba |
| 101 1# - Língua de publicação | |
| Língua do texto, banda sonora, etc. | Português |
| Língua do documento no original | Inglês |
| 102 ## - Pais de publicação ou produção | |
| País de publicação | Portugal |
| 105 ## - Campo de dados codificados: livros | |
| Dados codificados dos livros | a z00y000fy |
| 106 ## - Campo de dados codificados: material textual | |
| Dados codificados do material textual | r |
| 200 1# - Titulo e menção de responsabilidade | |
| Título próprio | Carros |
| Primeira menção de responsabilidade | Walt Disney/ Pixar |
| 210 ## - Publicação, Distribuição, etc. | |
| Lugar da edição, distribuição, etc. | Rio de Mouro |
| Nome do editor, distribuidor, etc. | Everest |
| Data da publicação, distribuição, etc. | D.L. 2006 |
| 215 ## - Descrição física | |
| Indicação específica da natureza do documento e extensão da espécie | 112 p. |
| Outras indicações físicas | todo il. |
| Dimensões | 22 cm |
| 225 2# - Colecção | |
| Título próprio da colecção | Os clássicos Disney |
| 606 ## - Nome comum usado como assunto | |
| Número de registo de entrada de autoridade | 0000001 |
| Palavra de ordem | Literatura estrangeira infantil |
| Subdivisão de assunto | Conto |
| 675 ## - Classificação Decimal Universal (CDU) | |
| Notação | 82-34 |
| Edição | 2ª |
| Língua da edição | por |
| 710 02 - Nome de colectividade-autor (responsabilidade principal) | |
| Número de registo de entrada de autoridade | 0000698 |
| Palavra de ordem | Walt Disney/ Pixar |
| 942 ## - Elementos de entrada adicionados (Koha) | |
| Tipo de item no Koha | Livro |
| Situação do levantamento | Origin of item (home branch) (coded) | Biblioteca de empréstimo | Código de barras | Cota | Circulation type (not for loan) | Tipo de documento | Nota do exemplar | Damaged status |
|---|---|---|---|---|---|---|---|---|
| Biblioteca Escolar da Coca Maravilhas | Biblioteca Escolar da Coca Maravilhas | BECM7785/07 | 8EST DIS | Livro | Sem mensagem | |||
| Biblioteca Escolar da Coca Maravilhas | Biblioteca Escolar da Coca Maravilhas | BECM9889 | 8EST CAR | Livro | Sem mensagem |
